000 00693nam a2200205 4500
008 160910b xxu||||| |||| 00| 0 eng d
020 _a0-07-236581-1
082 _22000
_aDC 301.05
_bSo1
245 _aSociology 00/01/
_cedited by Kurt Finsterbusch.
250 _a29th edition
260 _aConnecticut:
_bDuskin/McGraw-Hill,
_cc2000.
300 _ax, 229 pages:
_billustrations;
_c28 cm.
440 _914308
_aAnnual editions
500 _aIncludes glossary and index.
650 0 _914305
_aSociology
650 0 _914307
_aSocial conditions
_zUnited States
650 0 _914309
_aSocial history
_zUnited States
700 _914318
_aFinsterbusch, Kurt
_eEditor
942 _2ddc
_cDC
999 _c4434
_d4434